Pokémon - Les attaques de Noadkoko - Statistiques

Statistiques générales
  • Ce quiz a été pris 29 fois
    17 depuis la dernière actualisation
  • Le résultat moyen est 10 sur 19
Statistiques - réponses
Niveaux Types Noms des attaques % Correct
Départ Plante Tempête Verte
88%
Départ Psy Choc Mental
75%
Départ Plante Lance-Soleil
75%
Départ Plante Vampigraine
75%
Départ Psy Choc Psy
63%
Départ Plante Giga-Sangsue
63%
Départ Psy Hypnose
63%
Départ Plante Méga-Sangsue
63%
Départ Psy Protection
63%
Départ Plante Synthèse
63%
Départ Plante Canon Graine
50%
Évolution Normal Écrasement
50%
Réapprentissage Normal Croissance
38%
Départ Plante Martobois
38%
Départ Plante Balle Graine
25%
Départ Psy Extrasenseur
25%
Départ Plante Soucigraine
25%
Départ Plante Vole-Vie
25%
Départ Normal Brouhaha
13%
Aucun quiz correspondant
Distribution des résultats
% des personnes avec chaque résultat
Percentile par nombre de réponses
Votre historique - résultats
Vous n’avez pas pris ce quiz depuis la dernière actualisation